Normal view
MARC view
- S, THOMAS SON ABRHAM LEE
Entry Personal Name
001 - CONTROL NUMBER
- control field: 86404
003 - CONTROL NUMBER IDENTIFIER
- control field: NUST
005 - DATE AND TIME OF LATEST TRANSACTION
- control field: 20211210150048.0
008 - FIXED-LENGTH DATA ELEMENTS
- fixed length control field: 211210|| aca||aabn | a|a d
040 ## - CATALOGING SOURCE
- Original cataloging agency: NUST
- Transcribing agency: NUST
100 ## - HEADING--PERSONAL NAME
- Personal name: S, THOMAS SON ABRHAM LEE
670 ## - SOURCE DATA FOUND
- Source citation: Work cat.: (NUST): S, THOMAS SON ABRHAM LEE., SLOPE STABILITY STABILIZATION METHODS /, 2002.
